000 00667nam a2200253Ia 4500
003 OSt
005 20220916110923.0
006 a|||||r|||| 00| 0
007 ta
008 220915b |||||||| |||| 00| 0 san d
024 _a269468
037 _cTextbook
040 _bsan
_aARTS
_cARTS
041 _asan
082 _aO15,1D65,1, J5;L2
100 _aमाघ
245 0 _aशिशुपालवघम्
246 _aShishupālavagham
260 _c1972
300 _a942पण्
_ccm.
650 _aसंस्कृत साहित्य
942 _hO15,1D65,1, J5;L2
_cTB
_2CC
999 _c101410
_d101410